000 00354nam a2200145Ia 4500
008 150201s2008 xx 000 0 und d
082 _a610
_bS08M
100 _aMUTHU,VK
245 2 _aA SHORT BOOK OF PUBLIC HEALTH
250 _a1ST
260 _bJAYPEE BROTHERS
_aDELHI
_c2008
300 _a1-267
650 _aMEDICINE AND DIAGNOSIS
942 _2ddc
_cBK
_07
999 _c527
_d527